000 01397nam a2200337 i 4500
003 EG-GICUC
005 20260429232228.0
008 260429s1991 ua ||||fr|||| 00| 0 ara d
017 _a1991/1607
020 _a977-04-0787-9
040 _a EG-GICUC
_bara
_c EG-GICUC
_d EG-GICUC
_erda
041 0 _aara
082 0 4 _221
_a345.31
_bم ح . ح
092 0 4 _221
099 _aLaw1 07 345.31 م ح . ح 1991
100 0 _aمحمد محمد بدران
_eمؤلف.
245 1 0 _aالحماية القانونية لحق الأمن ضد اعتداءات الادارة :
_bدراسة مقارنة الأمر إحضار جسم السجين في القانون الانجليزي /
_cدكتور محمد محمد بدران.
264 1 _aالقاهرة :
_bدار النهضة العربية،
_c1991.
300 _a276 ؛ صفحة
_c24 سم.
336 _2rda content
_atext
337 _2rda media
_aComputer
338 _2rda carrier
_aOnline Resource
500 _aيشتمل علي ارجاعات ببليوجرافية
504 _a. 261-273 ببليوجرافيا: صفحات.
546 _aالنص أغلبه باللغة العربية مع بعض النصوص الإنجليزية
650 1 4 _aالقانون الإداري
650 1 4 _aالضبط الإداري
856 4 0 _uhttps://fll.law.cu.edu.eg/fulltext/bks/B07-01061.pdf
905 _a77
942 _2ddc
_n0
_cBK
_e21
999 _c74357
_d74357